000 00678nam a2200205 i 4500
001 128070
003 ES-MaACL
005 20230906193144.0
007 t|
008 070214s1969 sp r ||||1| eng d
100 1 _aRipoll, Luis.
_997431
245 1 4 _aThe majorcan episode of Chopin and Georges Sand
_b: 1838-1839 /
_cLuis Ripoll ; translated by W. Kirkbride.
260 _aPalma de Mallorca :
_b[s.n.],
_c1969 (
_fImp. Alcover)
300 _a123 p., 13 lám. ;
_c17 cm.
600 1 4 _aChopin, Fryderyk.
_9144154
600 1 4 _aSand, George,
_d1804-1876
_9103060
700 1 _aKirkbride, W.
_968125
852 _aES-MaACL
_jC-52285
_bR.71154
999 _c128070
_d128070